| Tag |
First Indicator |
Second Indicator |
Subfields |
| LEADER |
00000cam a2200000ua 4500 |
| 001 |
in00001314821 |
| 005 |
20151005052231.0 |
| 008 |
910218s1990 deu 000 0 eng d |
| 035 |
|
|
|a (OCoLC)25138008
|
| 035 |
|
|
|9 AHA9876AM
|
| 040 |
|
|
|a BNG
|c BNG
|d OCL
|d TXA
|d UtOrBLW
|
| 043 |
|
|
|a n-us---
|
| 049 |
|
|
|a TXAI
|
| 090 |
|
|
|a E185.5
|a N276
|a G83
|
| 245 |
0 |
0 |
|a Guide to the microfilm edition of the FBI file on the National Association of Colored People (NAACP) :
|b a microfilm publication /
|c by Scholarly Resources.
|
| 264 |
|
1 |
|a Wilmington, Del. :
|b Scholarly Resources,
|c [1990?]
|
| 300 |
|
|
|a 16 unnumbered pages ;
|c 22 cm.
|
| 336 |
|
|
|a text
|b txt
|2 rdacontent
|
| 337 |
|
|
|a unmediated
|b n
|2 rdamedia
|
| 338 |
|
|
|a volume
|b nc
|2 rdacarrier
|
| 610 |
2 |
0 |
|a National Association for the Advancement of Colored People.
|
| 650 |
|
0 |
|a African Americans
|x Civil rights
|x History
|y 20th century
|v Sources.
|
| 650 |
|
0 |
|a Communists
|z United States
|x History
|y 20th century.
|
| 710 |
2 |
|
|a Scholarly Resources Inc.
|
| 740 |
0 |
|
|a FBI file on the National Association for the Advancement of Colored People.
|
| 999 |
|
|
|a MARS
|
| 999 |
f |
f |
|s 9f5a0b52-3980-3159-a64b-ead4dbf2badd
|i d1ba45a6-8bb5-3933-8a83-dc1458e546f5
|t 0
|
| 952 |
f |
f |
|p 4_hour
|a Texas A&M University
|b College Station
|c Sterling C. Evans Library
|d Evans: Microforms Reference (3rd floor)
|t 0
|e E185.5 N276 G83
|h Library of Congress classification
|i unmediated -- volume
|m A14820093004
|
| 998 |
f |
f |
|a E185.5 N276 G83
|t 0
|l Evans: Microforms Reference (3rd floor)
|